000 00314nam a2200109Ia 4500
008 180205s9999 xx 000 0 und d
020 _a9710861239
100 _aNocon, Ferdinand P.
245 _aCollege algebra ;
_bmade simple for filipinos
260 _aPasig City
_bNational book store
_c2000
300 _a206 pages
999 _c354692
_d354692